"Paris" ou "Pari"? - Statistiques

Statistiques générales
  • Ce quiz a été pris 31 fois
  • Le résultat moyen est 7 sur 10
Statistiques - réponses
Question Réponse % Correct
L'hebdomadaire français qui a pour slogan "Le poids des mots, le choc des photos": Paris-Match
93%
Le film français de et avec Didier Bourdon et Bernard Campan sorti en 1997: le Pari
80%
Le roman d'Émile Zola paru en 1897: Paris
80%
La nouvelle d'Anton Tchekhov parue en 1889: Le Pari
73%
Personnage de la série "Mission Impossible", interprété par Leonard Nimoy: Paris
73%
Drame réalisé par Wim Wenders sorti en 1984 et Palme d'or au Festival de Cannes 1984: Paris, Texas
73%
Le roman de Ramon Fernandez publié en 1932: Le Pari
70%
Le fils cadet du roi Priam et d'Hécube, dans la myth;logie grecque: Pâris
63%
Le film américain d'Ivan Reitman sorti en 2014: Le Pari
47%
Le dessinateur de la Chambre et du Cabinet du roi Louis XVI: Pierre-Adrien Pâris
47%
Aucun quiz correspondant
Distribution des résultats
% des personnes avec chaque résultat
Percentile par nombre de réponses
Votre historique - résultats
Vous n’avez pas pris ce quiz